书目信息 |
| 题名: |
中等日语教育
|
|
| 作者: | 刘国华 主编 | |
| 分册: | 第一辑 | |
| 出版信息: | 上海 华东理工大学出版社有限公司 2020.5 |
|
| 页数: | 222页 | |
| 开本: | 26cm | |
| 丛书名: | ||
| 单 册: | ||
| 中图分类: | G633.461 | |
| 科图分类: | ||
| 主题词: | 日语课--中学--教材 | |
| 电子资源: | ||
| ISBN: | 978-7-5628-6198-0 | |
| 000 | 01014nam0 2200241 45 | |
| 001 | 012001002686 | |
| 005 | 20210923112332.53 | |
| 010 | @a978-7-5628-6198-0@dCNY68.00 | |
| 100 | @a20201215d2020 em y0chiy0110 ea | |
| 101 | 0 | @achi@ajpn |
| 102 | @aCN@b310000 | |
| 105 | @aa z 000yy | |
| 106 | @ar | |
| 200 | 1 | @a中等日语教育@Azhong deng ri yu jiao yu@h第一辑@f刘国华主编 |
| 210 | @a上海@c华东理工大学出版社有限公司@d2020.5 | |
| 215 | @a222页@c图@d26cm | |
| 304 | @a英文共同题名:Secondary Japanese language education | |
| 330 | @a本书面向全国初高中开设日语课程的学校,介绍国内中等日语教育研究的最新动态和走向,以及关于中等日语教学的研究概论。有助于帮助广大中等日语教学者提升教学水平,促进各校中等日语教学者的交流与进一步研究。对于全文初高中生日语的学习以及高考日语的普及和发展也将起到一定的积极作用,对于促进全国日语的发展起到推动作用。 | |
| 606 | 0 | @a日语课@x中学@j教材 |
| 690 | @aG633.461@v5 | |
| 701 | 0 | @a刘国华@Aliu guo hua@4主编 |
| 801 | @aCN@bAHXH@c20210922 | |
| 905 | @b1284061-5@dG633.461@e348:1@f5 | |
| 中等日语教育.第一辑/刘国华主编.-上海:华东理工大学出版社有限公司,2020.5 |
| 222页:图;26cm |
| ISBN 978-7-5628-6198-0:CNY68.00 |
| 本书面向全国初高中开设日语课程的学校,介绍国内中等日语教育研究的最新动态和走向,以及关于中等日语教学的研究概论。有助于帮助广大中等日语教学者提升教学水平,促进各校中等日语教学者的交流与进一步研究。对于全文初高中生日语的学习以及高考日语的普及和发展也将起到一定的积极作用,对于促进全国日语的发展起到推动作用。 |
| ● |
| 相关链接 |
|
|
|
|
正题名:中等日语教育
索取号:G633.461/348:1
 
预约/预借
| 序号 | 登录号 | 条形码 | 馆藏地/架位号 | 状态 | 备注 |
| 1 | 1284061 | 212840611 | 第一样本阅览室/ [索取号:G633.461/348:1] | 在馆 | |
| 2 | 1284062 | 212840620 | 教育系资料室/ [索取号:G633.461/348:1] | 在馆 | |
| 3 | 1284063 | 212840639 | 教育系资料室/ [索取号:G633.461/348:1] | 在馆 | |
| 4 | 1284064 | 212840648 | 第四借阅区/ [索取号:G633.461/348:1] | 在馆 | |
| 5 | 1284065 | 212840657 | 第四借阅区/ [索取号:G633.461/348:1] | 在馆 |